Największe gospodarki Europy (miasta) - Statystyki

Ogólne statystyki
  • Ten quiz został rozwiązany 175 razy
  • Średni wynik to 19 z 30
Statystyki odpowiedzi
PKB Miasto/Aglomeracja Ludność % Poprawnych
1,013.337 Paryż 14,800,000
99%
978.402 Londyn 14,800,000
98%
504.808 Moskwa 17,400,000
97%
118.625 Warszawa 2,350,000
95%
234.265 Berlin 5,342,958
94%
249.571 Madryt 7,005,286
91%
175.328 Rzym 4,325,591
88%
182.524 Barcelona 5,105,991
85%
247.312 Stambuł 16,500,000
84%
228.897 Monachium 2,926,802
83%
109.163 Praga 1,460,000
79%
210.622 Amsterdam 2,890,428
77%
210.166 Bruksela 2,725,000
73%
148.486 Wiedeń 3,004,660
73%
187.092 Hamburg 3,328,679
71%
233.580 Mediolan 4,985,668
70%
175.899 Sztokholm 2,377,081
69%
105.900 Manchester 3,100,000
60%
135.064 Marsylia 1,911,657
59%
172.701 Frankfurt 2,729,936
58%
214.277 Dublin 2,110,459
57%
107.595 Helsinki 1,526,778
53%
116.378 Lyon 1,990,000
51%
108.852 Kolonia 2,004,984
50%
98.915 Rotterdam 1,876,165
44%
101.656 Dusseldorf 1,557,269
27%
169.274 Stuttgart 2,794,283
25%
101.830 Lille 1,300,000
14%
193.831 Zagłębie Ruhry 5,115,617
8%
117.875 Cork 211,377
2%
Nie znaleziono quizów pasujących do podanych kryteriów
Rozkład punktacji
Procent ludzi z każdym wynikiem
Percentyl według liczby udzielonych odpowiedzi
Twoja historia wyników
Nie rozwiązałeś tego quizu